00837nam a2200217ua 450000500170000000800410001702000180005804000480007624501160012426000540024030000330029449000340032765000320036165000400039365000320043365000200046570000510048570000340053670000410057004100080061120180312142526.01 s2011 ck a gr 000 jdspa d a9789583037511 aCO-BoUCMbspacEdgar PinilladEdgar Pinilla00aLeyendas rusas de amor cadaptación y selección Anastassia Espinel Souares ; ilustraciones Diego Nicoletti. aBogotá (Colombia)bPanamericana Editorialc2011 a163 páginasbilustraciones0 aLiteratura juvenil. Narrativa04aCuentos rusosv Colecciones04aCuentos amorosos rusosvColecciones04aLeyendas rusasvColecciones04aLiteratura rusa1 aEspinel Souares, Anastassiaecompiladord1970-1 aNicoletti, Diego,eilustrador1 aMahecha López, Javier R., eeditor aspa